000
00329 a2200157 4500
001
61080
020
_a
8532256236
040
_c
Anchieta - Pituba
100
_a
Giontow, Cris
240
1
0
_a
In @ction 5
_l
por
245
1
0
_a
In @ction 5
300
_a
152/32
362
0
_a
2003
650
4
_a
Inglês e inglês antigo
942
_c
BK
999
_c
61080
_d
61080